000 00518nam a2200193Ia 4500
005 20250508160603.0
008 008 250505s9999 xx 000 0 eng d
037 _aTextual
040 _aFEDL
_beng
_cFEDL
041 _aeng
_2eng
084 _a150.1943, YAT
_qFEDL
100 _aYates Aubrey J
245 0 _aBehavior therapy
260 _aNew York, USA
_bJohn Wiley and Sons
_c1970
300 _axi,445p.
365 _aUSD
_b13.95
942 _cTEXL
_h150.1943, YAT
999 _c1365479
_d1365479